LEADER 01041nam a2200205 4500 001 000000367169 003 CaOOAMICUS 005 20260410124936.0 008 260410s1882 it 000 u ita r 040 $aSeMil$bita 100 1 $aTalamoni, Luigi,$c.$0(OLS)http://semarc/name/6786 245 10$aNella traslazione e festa del beato Giovanni Angelo Porro celebratesi nel tempio di S. Carlo in Milano l'agosto 1882 /$cdiscorsi del sacerdote prof. Luigi Talamoni. 264 1$aMilano :$bL. F. Cogliati,$c1882. 300 $a31 p. ;$c19 cm 600 14$aPorro, Giovannangelo .$0(OLS)http://semarc/subject/11655 850 $aSeMil 852 $aSeMil$W1$xVenegono$y1$m5C VIII 10/20$j270048$B257898$CSeMilBibl$Z2$F257898 $8I 996 $6245$aNella traslazione e festa del beato Giovanni Angelo Porro celebratesi nel tempio di S. Carlo in Milano l'agosto 1882$9(OLS)http://semarc/title/459047 996 $6264$aMilano :$bL. F. Cogliati$9(OLS)http://semarc/publisher/29949